000 00873nas a2200265 4500
001 BR9206797
003 BR-BrBNA
005 20231205092954.0
007 ta
008 230509b bl.|||p| |||| 00| 00por d
040 _aBR-BrBNA
_bpor
_cBiblioteca Nacional de Agricultura
041 _a(En)
072 _aL73
100 1 _aFerreiro, L.
245 1 _aSusceptibility patterns of bovine milk strains of Staphylococcus aureus originated from herds in USA (CA)and Brazil (Rio Grande do Sul)
650 _aGADO
650 _aREBANHO
650 _aDOENCA ANIMAL
650 _aLEITE
650 _aINFECCAO
650 _aRIO GRANDE DO SUL
773 0 _tArquivos da Escola de Veterinaria da Universidade Federal de Minas Gerais (Brazil)
_xISSN 0365-8384
_g(Dec 1980), v. 32(3) p. 393-406
_wBR9206797
909 _a202311
_bLúcia
_c55
_dLúcia Elande
942 _2AGRIS
_n0
_cANA
999 _c135479
_d135479